Представление документа в формате RUSMARC

ПолеНазваниеЗначение
  Тип записи a
  Библиографический уровень m
001 Контрольный номер UONB/MAIN/99bf73aac655488bb89dbc4ed5ff5d9b
005 Дата корректировки 20260417132018.6
010 Индекс ISBN __
b Уточнения в пер.
d Цена 85 к.
9 Тираж 20000 экз.
a ISBN 5-270-01051-8
100 Данные общей обработки __
a Данные общей обработки 20260417d1990 u y0rusy0189 ca
101 Язык документа 1_
a Язык текста rus
c Язык оригинала chv
102 Страна публикации __
a Страна публикации RU
105 Кодированные данные (монография) __
a Кодированные данные (монография) y z 000yy
200 Заглавие и сведения об ответственности 1_
a Заглавие Узоры на сурбанах
f Первые сведения об ответственности М. Юхма
g Последующие сведения об ответственности вступительная статья К. Абукова
203 Вид содержания и тип средства __
a Вид содержания Текст
b Характеристика содержания визуальный
c Тип средства непосредственный
210 Выходные данные 1_
a Место издания Москва
c Издательство Современник
d Дата издания 1990
215 Физическое описание __
a Объем 303 с.
d Формат 21 см
225 Серия 1_
a Серия Библиотека "О времени и о себе"
606 Тематические рубрики 0_
a Основная рубрика Чувашская советская литература
610 Ключевые слова 0_
a Ключевые слова чувашская литература; советская литература; советские писатели
686 Индексы других классификаций __
a Классификационный индекс 83.3(2=Чув)
2 Код системы rubbk
700 Автор _1
a Фамилия Юхма
b Имя (инициалы) М. Н.
g Полное личное имя Михаил Николаевич
702 Вторичная интеллектуальная ответственность _1
a Фамилия Абуков
b Имя (инициалы) К.
4 Код отношения 080
801 Источник записи _0
a Страна RU
b Организация Ульяновская ОНБ
c Дата составления 20260417
g Правила каталогизации RCR
801 Источник записи _1
a Страна RU
b Организация Ульяновская ОНБ
c Дата составления 20260417
g Правила каталогизации RCR
901 Тип документа __
t Тип документа m
909 Создатель записи __
a Создатель записи Фризен
b Дата создания записи 20260417